Boundary and space : an introduction to the work of D.W. Winnicott

Αποθηκεύτηκε σε:
Λεπτομέρειες βιβλιογραφικής εγγραφής
Κύριος συγγραφέας: Davis, Madeleine
Άλλοι συγγραφείς: Wallbridge, David
Μορφή: Βιβλίο
Γλώσσα:English
Δημοσίευση: New York : London : Brunner/Mazel ; , H. Karnac Books, 1990
Θέματα:
Ετικέτες: Προσθήκη ετικέτας
Δεν υπάρχουν, Καταχωρήστε ετικέτα πρώτοι!

MARC

LEADER 00000nam a2200000 i 4500
001 1/84475
008 981005s1990 eng d
020 |a 0-87630-641-5 
035 |l 10034450 
035 |a 1993  |b 3  |c Βιβλιοθήκη 
040 |a GR-MY-UA  |b gre  |e aacr 
041 0 |a eng 
082 0 |a 155.4  |2 (20) 
100 1 |a Davis, Madeleine. 
245 1 0 |a Boundary and space :  |b an introduction to the work of D.W. Winnicott /  |c by Madeleine Davis and David Wallbridge 
260 |a New York :   |a London :   |b Brunner/Mazel ; ,   |b H. Karnac Books,   |c 1990 
300 |a xv, 211 p.;  |c 23 cm 
504 |a Περιέχει βιβλιογραφικές παραπομπές (σ. 195-200) και ευρετήριο 
600 1 0 |a Winnicott D. W.  |q (Donald Woods)  |d 1896-1971. 
650 0 0 |a Child psychology. 
650 0 0 |a Child psychopathology. 
700 1 |a Wallbridge, David. 
852 |a INST  |b RHODES  |e 19981005  |h 155.4 DAV  |p 005400009718  |q 005400009718  |t BK  |y 0 
909 |a Ρ  |b 033916  |c 1993